Hadits arbaʼin Annawawiah, (Record no. 70872)

MARC details
000 -LEADER
fixed length control field 00824cam a22002651 4500
001 - CONTROL NUMBER
control field sa 66007013
003 - CONTROL NUMBER IDENTIFIER
control field DLC
005 - DATE AND TIME OF LATEST TRANSACTION
control field 20260227112300.0
008 - FIXED-LENGTH DATA ELEMENTS--GENERAL INFORMATION
fixed length control field 891204s1964 io 000 0 ara
010 ## - LIBRARY OF CONGRESS CONTROL NUMBER
LC control number sa 66007013
035 ## - SYSTEM CONTROL NUMBER
System control number (OCoLC)20729854
040 ## - CATALOGING SOURCE
Original cataloging agency DLC
Transcribing agency OCoLC
Modifying agency DLC
041 1# - LANGUAGE CODE
Language code of text/sound track or separate title araind
Language code of original und
042 ## - AUTHENTICATION CODE
Authentication code premarc
050 00 - LIBRARY OF CONGRESS CALL NUMBER
Classification number BP135.A2
Item number N315 1964
100 0# - MAIN ENTRY--PERSONAL NAME
Personal name Nawawī,
Dates associated with a name 1233-1277. [from old catalog]
245 10 - TITLE STATEMENT
Title Hadits arbaʼin Annawawiah,
Remainder of title dengan tardjamah dalam bahasa Indonesia,
Statement of responsibility, etc. oleh Aminah Abdullah Dahlan.
250 ## - EDITION STATEMENT
Edition statement Tjet. 7.
260 ## - PUBLICATION, DISTRIBUTION, ETC.
Place of publication, distribution, etc. Bandung,
Name of publisher, distributor, etc. Almaʼarif
Date of publication, distribution, etc. [1964?]
300 ## - PHYSICAL DESCRIPTION
Extent 60 p.
Dimensions 18 cm.
500 ## - GENERAL NOTE
General note At head of title: [non-Roman characters]
500 ## - GENERAL NOTE
General note Arabic and Indonesian.
650 #0 - SUBJECT ADDED ENTRY--TOPICAL TERM
Topical term or geographic name entry element Hadith
Form subdivision Texts.
700 1# - ADDED ENTRY--PERSONAL NAME
Personal name Dahlan, Aminah Abdullah, [from old catalog]
Relator term tr.

No items available.

Powered by Koha